00507nam a2200181Ia 4500008004100000020001500041040001900056041001200075082002500087245007300112260002700185300002100212504001900233650001300252651002000265700002200285850001800307131103s9999 xx 000 0 und d a8171545564 aLoreto College aEnglish a954/THAbLCBED/11937 aRecent Perspectives of early Indian historycedited by Romila Thapar aBombaybPopular c1996 av,361p c 21 cm. aIncludes index aHistory  aIndia - history aThapar,Romila ;ed aLCBED/954/THA